NBA Hall of Famers by Birth Country - Statistics

General Stats
  • This quiz has been taken 36 times
  • The average score is 11 of 16
Answer Stats
Player Country % Correct
Yao Ming China
100%
Larry Bird United States
100%
Pau Gasol Spain
97%
Michael Jordan United States
97%
Dirk Nowitzki Germany
94%
Manu Ginobili Argentina
91%
Hakeem Olajuwon Nigeria
79%
Dikembe Mutombo D.R. Congo
76%
Toni Kukoc Croatia
61%
Patrick Ewing Jamaica
58%
Vlade Divac Serbia
58%
Arvydas Sabonis Lithuania
52%
Steve Nash South Africa
45%
Dominique Wilkins France
36%
Dino Radja Croatia
30%
Tony Parker Belgium
21%
No matching quizzes found
Score Distribution
Percent of People with Each Score
Percentile by Number Answered
Your Score History
You have not taken this quiz